|
|
|
|
| LEADER |
00000cab a2200000 a 4500 |
| 003 |
Ucuenca |
| 005 |
20230308202241.0 |
| 008 |
000000| ||||||||r|||||||||||spa|| |
| 040 |
|
|
|b spa
|
| 041 |
1 |
|
|a spa
|
| 082 |
0 |
|
|a 330.5
|b E15e
|
| 100 |
1 |
|
|a Aguilar Román, Juan Javier.
|9 186030
|
| 245 |
|
|
|a El TLC y el congreso de los Estados Unidos
|c Juan Javier Aguilar Román
|h imp
|
| 264 |
|
|
|a Quito
|b Economía, Negocios Finanzas.
|c Diciembre 2004
|
| 300 |
|
|
|a páginas: 50-51
|
| 362 |
|
|
|a no. 128 (diciembre 2004)
|
| 520 |
3 |
|
|a El TLC conviene a EEUU no solo por razones geopolíticas; sus empresarios esperan réditos económicos"
|
| 650 |
1 |
|
|a Revista ekos
|9 175848
|
| 650 |
1 |
|
|a Tlc
|9 4294
|
| 650 |
1 |
|
|a Tratado de libre comercio
|9 4298
|
| 852 |
|
|
|a UC-CDJBV
|f Donación
|l 1
|m General
|p 00000000
|r 2
|b 0
|d CDRC
|e CDRC
|g 330.5 E15e TERCER PISO (SECCION REVISTAS)
|z 0000-00-00
|
| 942 |
|
|
|c SERA
|
| 773 |
0 |
|
|0 152026
|9 138276
|a Economía, Negocios Finanzas
|d Quito Economía, Negocios, Finanzas Diciembre 2004
|o 46997-128
|t Ekos Economía y Negocios
|
| 999 |
|
|
|c 101105
|d 101105
|